Introduction to clinical psychology for students of medicine, psychology and nursing.

Bibliographic Details
Main Author: Westburgh, Edward M.
Format: Book
Language:English
Published: [Place of publication not identified] : P. Blakiston's son & co., inc., [1937]
Subjects:

MARC

Tag First Indicator Second Indicator Subfields
LEADER 00000cam a2200000 4500
001 in00000061031
005 20151008051054.0
008 720112s1937 eng u
010 |a  37016017  
035 |a (OCoLC)00204113 
035 |9 AAG5502AM 
040 |c WSU  |d TXA  |d UtOrBLW 
049 |a TXAM  |c [230904] 
090 |a BF636  |b .W46 
092 |a 150.13  |b W523i 
100 1 |a Westburgh, Edward M. 
245 1 0 |a Introduction to clinical psychology for students of medicine, psychology and nursing. 
264 1 |a [Place of publication not identified] :  |b P. Blakiston's son & co., inc.,  |c [1937] 
264 4 |c [©1937] 
300 |a 336 pages 
336 |a text  |b txt  |2 rdacontent 
337 |a unmediated  |b n  |2 rdamedia 
338 |a volume  |b nc  |2 rdacarrier 
504 |a "Selected bibliography": pages 307-312. 
650 0 |a Psychology, Applied. 
740 0 |a Clinical psychology, Introduction to. 
999 |a MARS 
999 f f |s 18168e56-12ba-3e94-9df3-bb543818fcd9  |i 96ceab35-de86-3e25-8cc7-abf31b30d41b  |t 0 
952 f f |p ric  |a Texas A&M University  |b Rellis Campus  |c Joint Library Facility  |d Remote Storage  |t 0  |e BF636 .W46  |h Library of Congress classification  |i unmediated -- volume  |m A14800523039 
998 f f |a BF636 .W46  |t 0  |l Remote Storage